Prácticas políticas, imaginarios y ciudadanía : las disonancias entre cultura y democracia en la Ciudad de México (Record no. 146209)

MARC details
000 -CABECERA
campo de control de longitud fija 00581nab a2200181 a 4500
005 - FECHA Y HORA DE LA ÚLTIMA TRANSACCIÓN
campo de control 20210223131206.0
008 - ELEMENTOS DE LONGITUD FIJA--INFORMACIÓN GENERAL
campo de control de longitud fija 991125s1985 mx 000 0 spa u
035 ## - NÚMERO DE CONTROL DEL SISTEMA
Número de control de sistema UPN01000174105
100 1# - ASIENTO PRINCIPAL--NOMBRE PERSONAL
Nombre de persona Tejera Gaona, Héctor
9 (RLIN) 41063
222 ## - TÍTULO CLAVE
Título clave REVISTA MEXICANA DE SOCIOLOGIA
245 ## - MENCIÓN DE TÍTULO
Título Prácticas políticas, imaginarios y ciudadanía : las disonancias entre cultura y democracia en la Ciudad de México
300 ## - DESCRIPCIÓN FÍSICA
Extensión 247-285
362 0# - FECHAS DE PUBLICACIÓN Y/O DESIGNACIÓN SECUENCIAL
Fecha de publicación y/o designación secuencial 2009 Año 71, no. 2, abr.-jun.
653 0# - TERMINO DE INDIZACION - NO CONTROLADO
Término no controlado PARTIDOS POLITICOS
653 0# - TERMINO DE INDIZACION - NO CONTROLADO
Término no controlado DEMOCRACIA
653 0# - TERMINO DE INDIZACION - NO CONTROLADO
Término no controlado CIUDADANIA
905 ## - TIPO DE MATERIAL
Tipo de material Articulo

No items available.